| 000 | 00680nam a2200229 a 4500 | ||
|---|---|---|---|
| 001 | 73525 | ||
| 003 | BD-RjUL | ||
| 005 | 20211209082415.0 | ||
| 008 | 1706-0s1953 nyua b 001 0 eng | ||
| 035 | _a(BD-RjUL)73743 | ||
| 040 |
_aDLC _cKSU _dSER _dMYG _dBD-RjUL _beng |
||
| 041 | _aeng | ||
| 082 |
_223 _a621.43 _bROE 1953 |
||
| 099 | _aTJ755.R144 | ||
| 100 | 1 |
_aRogowski, A. R. _q(Augustus R.) _9217545 |
|
| 245 | 1 | 0 |
_aElements of internal-combustion engines / _cAugustus R Rogowski |
| 260 |
_aNew York : _bMcGraw-Hill, _c1953. |
||
| 300 |
_a234 p. : _bill. ; _c24 cm. |
||
| 504 | _aIncludes bibliographies. | ||
| 650 | 0 |
_aInternal combustion engines. _9217546 |
|
| 942 |
_2ddc _cBK |
||
| 999 |
_c73525 _d73525 |
||